|
|
|
|
| LEADER |
00996cam a2200265 7i4500 |
| 001 |
0000078713 |
| 005 |
20240304090000.0 |
| 020 |
|
|
|a 9780128215968 (electronic book)
|
| 090 |
0 |
0 |
|a RD549
|b .B56 2023
|
| 245 |
0 |
0 |
|a Biomarkers of hip implant function
|c edited by Ilona Swiatkowska.
|
| 264 |
|
|
|a United Kingdom:
|b Academic Press,
|c 2023.
|
| 300 |
|
|
|a 1 online resource (xi, 280 pages):
|b text file, PDF.
|
| 336 |
|
|
|a text
|2 rdacontent
|
| 337 |
|
|
|a computer
|2 rdamedia
|
| 338 |
|
|
|a online resource
|2 rdacarrier
|
| 650 |
|
0 |
|a Artificial hip joints --
|x Complications --
|x Prevention
|
| 650 |
|
0 |
|a Artificial hip joints --
|x Complications
|
| 650 |
|
0 |
|a Biochemical markers
|
| 655 |
|
0 |
|a Electronic books
|
| 700 |
1 |
|
|a Swiatkowska, Ilona
|
| 856 |
4 |
2 |
|u http://library.unisel.edu.my/web/guest/mylibrary
|
| 997 |
|
|
|a Health Sciences, Faculty
|
| 998 |
|
|
|a Biomedical Science, Degree
|
| 999 |
|
|
|a EBO0020924
|b EBOOK
|c EBOOK
|e Electronic resources
|
| 999 |
|
|
|a EBO0021090
|b EBOOK
|c EBOOK
|e Electronic resources
|